000 00607cam a22002173a 4500
001 35186
003 PGUSA
005 20140828083746.0
008 110206s2011||||xxu|||||s|||||000 | eng d
040 _aPGUSA
_beng
042 _adc
100 1 _aCoolidge, Susan,
_d1835-1905
245 1 2 _aA Round Dozen
_h[electronic resource] /
_cSusan Coolidge
260 _bProject Gutenberg,
_c2011
506 _aPublic domain in the USA.
516 _aElectronic text
700 1 _aMerrill, Frank T.,
_d1848-
830 0 _aProject Gutenberg
_v35186
856 4 0 _uhttp://www.gutenberg.org/ebooks/35186
942 _cEB
999 _c264441
_d264441